[Event "Almunecar FEDC op 19th"]
[Site "Almunecar"]
[Date "2017.10.03"]
[Round "4.10"]
[White "Venegas Nuno, Francisco"]
[Black "Guillen Andreu, Francisco"]
[Result "1/2-1/2"]
[WhiteElo "1599"]
[BlackElo "1295"]
[PlyCount "45"]
[EventDate "2017.09.30"]
[EventType "swiss"]
[EventRounds "7"]
[EventCountry "ESP"]
[SourceTitle "EXT 2024"]
[Source "ChessBase"]
[SourceDate "2023.10.10"]
[SourceVersion "1"]
[SourceVersionDate "2023.10.10"]
[SourceQuality "1"]

1. e4 c6 2. d4 d5 3. Nc3 dxe4 4. Nxe4 Bf5 5. Ng3 Bg6 6. Nf3 Nd7 7. Bd3 Bxd3 8. Qxd3 Ngf6 9. 0-0 e6 10. Re1 Be7 11. c4 0-0 12. Bf4 Re8 13. Re2 Qa5 14. a3 Rad8 15. Rd1 a6 16. b4 Qb6 17. Ne4 Nxe4 18. Qxe4 Nf6 19. Qc2 Qa7 20. h3 Nh5 21. Be3 Qb8 22. d5 exd5 23. cxd5 1/2-1/2

[Event "Almunecar FEDC op 19th"]
[Site "Almunecar"]
[Date "2017.10.02"]
[Round "3.17"]
[White "Garrido Busto, Francisco"]
[Black "Guillen Andreu, Francisco"]
[Result "0-1"]
[WhiteElo "1483"]
[BlackElo "1295"]
[PlyCount "42"]
[EventDate "2017.09.30"]
[EventType "swiss"]
[EventRounds "7"]
[EventCountry "ESP"]
[SourceTitle "EXT 2024"]
[Source "ChessBase"]
[SourceDate "2023.10.10"]
[SourceVersion "1"]
[SourceVersionDate "2023.10.10"]
[SourceQuality "1"]

1. e4 c6 2. d4 d5 3. Nc3 dxe4 4. Nxe4 Bf5 5. Ng3 Bg6 6. Nf3 h6 7. c3 Nd7 8. Bd3 Bxd3 9. Qxd3 Ngf6 10. 0-0 e6 11. Bd2 Bd6 12. Rfe1 0-0 13. Ne4 Nxe4 14. Qxe4 Nf6 15. Qc2 Qc7 16. h3 Rfe8 17. Ne5 Rad8 18. Rad1 c5 19. Nf3 cxd4 20. Nxd4 Bh2+ 21. Kf1 Rxd4 0-1